000 00268nam a2200109Ia 4500
008 220204s9999 xx 000 0 und d
082 _a327
_bDEU
100 _aDeutsch, K W
245 0 _aProblems of world modelling
260 _aCambridge
_bBallinger
_c1977
942 _cBK
999 _c31657
_d31657